Warszawskie stacje kolejowe - Statystyki

Ogólne statystyki
  • Ten quiz został rozwiązany 2 677 razy
    1 254 od ostatniego zresetowania
  • Średni wynik to 37 z 56
Statystyki odpowiedzi
Lp Typ Odpowiedź % Poprawnych
2 Główne Dworce Warszawa Zachodnia
99%
52 Warszawska Kolej Dojazdowa Warszawa Zachodnia WKD
99%
1 Główne Dworce Warszawa Centralna
98%
3 Główne Dworce Warszawa Wschodnia
98%
4 Główne Dworce Warszawa Gdańska
91%
5 Główne Dworce Warszawa Śródmieście
88%
14 Linia średnicowa Warszawa Śródmieście
88%
50 Warszawska Kolej Dojazdowa Warszawa Śródmieście WKD
88%
13 Linia średnicowa Warszawa Ochota
83%
51 Warszawska Kolej Dojazdowa Warszawa Ochota WKD
83%
19 Linia nr 1: W-wa – Skierniewice Warszawa Ursus
82%
7 Główne Dworce Warszawa Główna
81%
16 Linia średnicowa Warszawa Stadion
81%
17 Lotnisko Chopina Warszawa Lotnisko Chopina
78%
15 Linia średnicowa Warszawa Powiśle
77%
6 Główne Dworce Warszawa Wileńska
77%
8 Kolej obwodowa Warszawa Wola
76%
18 Linia nr 1: W-wa – Skierniewice Warszawa Włochy
75%
42 Linia nr 9: W-wa – Nasielsk Warszawa Praga
73%
21 Linia nr 2: W-wa – Siedlce Warszawa Rembertów
72%
35 Linia nr 8: W-wa – Radom Warszawa Aleje Jerozolimskie
70%
54 Warszawska Kolej Dojazdowa Warszawa Aleje Jerozolimskie WKD
70%
20 Linia nr 1: W-wa – Skierniewice Warszawa Ursus Niedźwiadek
68%
26 Linia nr 7: W-wa – Dęblin Warszawa Grochów
67%
38 Linia nr 8: W-wa – Radom Warszawa Służewiec
67%
29 Linia nr 7: W-wa – Dęblin Warszawa Wawer
67%
47 Linia nr 9: W-wa – Nasielsk Warszawa Targówek
65%
22 Linia nr 2: W-wa – Siedlce Warszawa Wesoła
64%
12 Kolej obwodowa Warszawa ZOO
64%
55 Warszawska Kolej Dojazdowa Warszawa Raków
63%
10 Kolej obwodowa Warszawa Koło
62%
9 Kolej obwodowa Warszawa Młynów
59%
39 Linia nr 8: W-wa – Radom Warszawa Okęcie
58%
11 Kolej obwodowa Warszawa Powązki
58%
43 Linia nr 9: W-wa – Nasielsk Warszawa Toruńska
58%
30 Linia nr 7: W-wa – Dęblin Warszawa Anin
57%
34 Linia nr 7: W-wa – Dęblin Warszawa Falenica
56%
36 Linia nr 8: W-wa – Radom Warszawa Rakowiec
56%
44 Linia nr 9: W-wa – Nasielsk Warszawa Żerań
56%
37 Linia nr 8: W-wa – Radom Warszawa Żwirki i Wigury
55%
25 Linia nr 3: W-wa – Łowicz Warszawa Gołąbki
53%
46 Linia nr 9: W-wa – Nasielsk Warszawa Choszczówka
52%
28 Linia nr 7: W-wa – Dęblin Warszawa Gocławek
52%
27 Linia nr 7: W-wa – Dęblin Warszawa Olszynka Grochowska
52%
24 Linia nr 3: W-wa – Łowicz Warszawa Ursus Północny
51%
31 Linia nr 7: W-wa – Dęblin Warszawa Międzylesie
49%
32 Linia nr 7: W-wa – Dęblin Warszawa Radość
49%
53 Warszawska Kolej Dojazdowa Warszawa Reduta Ordona
49%
45 Linia nr 9: W-wa – Nasielsk Warszawa Płudy
47%
40 Linia nr 8: W-wa – Radom Warszawa Dawidy
46%
48 Linia nr 21: W-wa – Zielonka Warszawa Zacisze Wilno
45%
33 Linia nr 7: W-wa – Dęblin Warszawa Miedzeszyn
43%
23 Linia nr 2: W-wa – Siedlce Warszawa Wola Grzybowska
43%
41 Linia nr 8: W-wa – Radom Warszawa Jeziorki
41%
49 Linia nr 449: W-wa – Zielonka Warszawa Mokry Ług
41%
56 Warszawska Kolej Dojazdowa Warszawa Salomea
41%
Nie znaleziono quizów pasujących do podanych kryteriów
Rozkład punktacji
Procent ludzi z każdym wynikiem
Percentyl według liczby udzielonych odpowiedzi
Twoja historia wyników
Nie rozwiązałeś tego quizu od ostatniego zresetowania